| Tag |
First Indicator |
Second Indicator |
Subfields |
| LEADER |
00000cam a2200000 4500 |
| 001 |
in00000064365 |
| 005 |
20151008051804.0 |
| 008 |
800325s1952 caua 00110 eng u |
| 010 |
|
|
|a 52064776
|
| 035 |
|
|
|a (OCoLC)06126619
|
| 035 |
|
|
|9 AAG9994AM
|
| 040 |
|
|
|c GZS
|d TXA
|d UtOrBLW
|
| 049 |
|
|
|a TXAM
|c [224197]
|
| 050 |
|
0 |
|a GV711
|b .L6
|
| 092 |
|
|
|a 371.732
|b L831t
|
| 100 |
1 |
|
|a Logan, Gene A.
|q (Gene Adams),
|d 1922-1999.
|
| 245 |
1 |
0 |
|a Techniques of athletic training /
|c [by] Gene A. Logan [and] Roland F. Logan. Foreword by Herman J. Bearzy; illustrated by Gene A. Logan.
|
| 264 |
|
1 |
|a Los Angeles :
|b Franklin-Adams Press,
|c 1952.
|
| 300 |
|
|
|a 138 pages :
|b illustrations ;
|c 28 cm.
|
| 336 |
|
|
|a text
|b txt
|2 rdacontent
|
| 337 |
|
|
|a unmediated
|b n
|2 rdamedia
|
| 338 |
|
|
|a volume
|b nc
|2 rdacarrier
|
| 650 |
|
0 |
|a Physical education and training.
|
| 999 |
|
|
|a MARS
|
| 999 |
f |
f |
|s 033234be-e08c-377b-88b7-e6ebeb7f1d78
|i a1214336-e387-3f26-b84a-866a040af4be
|t 0
|
| 952 |
f |
f |
|p ric
|a Texas A&M University
|b Rellis Campus
|c Joint Library Facility
|d Remote Storage
|t 0
|e GV711 .L6
|h Library of Congress classification
|i unmediated -- volume
|m A14800845009
|
| 998 |
f |
f |
|a GV711 .L6
|t 0
|l Remote Storage
|